Non-Recognized Countries and Territories of the World - Statistics

General Stats
  • This quiz has been taken 253 times
  • The average score is 30 of 51
Answers on the Map
Answers color-coded by a green-red scale on the quiz's map according to % correct below.
 
Answer Stats
Country % Correct
Palestine
78%
Faroe Islands
74%
Falkland Islands
72%
Greenland
72%
British Virgin Islands
71%
Bermuda
69%
Isle of Man
69%
U.S. Virgin Islands
69%
American Samoa
68%
Hong Kong
66%
Puerto Rico
66%
Western Sahara
66%
Aruba
65%
Transnistria
65%
Christmas Island
64%
Curaçao
64%
Gibraltar
64%
Somaliland
64%
Guam
63%
Jersey
63%
Svalbard and Jan Mayen
63%
French Guiana
62%
French Polynesia
62%
Réunion
61%
Abkhazia
60%
Northern Cyprus
60%
South Ossetia
59%
Cook Islands
58%
Macau
58%
Cayman Islands
57%
Guernsey
57%
Saint Helena, Ascension, and Tristan da Cunha
57%
Niue
56%
Saint Martin
55%
Martinique
54%
New Caledonia
54%
Cocos (Keeling) Islands
53%
Bonaire
52%
Guadeloupe
49%
Turks and Caicos Islands
49%
Mayotte
48%
Northern Mariana Islands
48%
Pitcairn Islands
48%
Saint Pierre and Miquelon
47%
Montserrat
46%
Anguilla
43%
Tokelau
42%
Wallis and Futuna
42%
Norfolk Island
39%
Saint Barthélemy
38%
Sint Maarten
35%
No matching quizzes found
Score Distribution
Percent of People with Each Score
Percentile by Number Answered
Your Score History
You have not taken this quiz